| 000 | 01985nam0a2200361 4500 | ||
|---|---|---|---|
| 001 | RU\NLR\bibl\2080929 | ||
| 005 | 20260407140158.0 | ||
| 020 |
_aRU _b131 _9ЛЕНИНГРАД В ВЕЛИКОЙ ОТЕЧЕСТВЕННОЙ ВОЙНЕ: Печать Ленинграда, 1941 - 1945: каталог изданий, хранящихся в фондах Государственной Публичной библиотеки, вып.2. Листовки,плакаты,открытки,альбомы/Гос.публ.б-ка им.М.Е.Салтыкова-Щедрина. - Ленинград,1972 |
||
| 035 | _a(NLR Aleph) 002065653 | ||
| 090 |
_a4702182 _c4702182 |
||
| 100 | _a20250810 rusy50 | ||
| 101 | 0 | _arus | |
| 102 | _aRU | ||
| 105 | _ay z ||||| | ||
| 200 | 1 |
_aБерезонька. "Эх, сколько песен пелося..." _e[Ноты и текст песни] _fмузыка Н. Будашкина _gтекст А. Фидровского _gПолит. упр. краснознам. Балт. флота |
|
| 210 |
_a[Ленинград] _c2-я типо-лит. УВМИ _d1943, апр., 21 |
||
| 215 |
_a4 с. _d16х11 |
||
| 517 | 1 | _aЭх, сколько песен пелося... | |
| 517 | 1 | _aНоты и текст песни | |
| 606 | 1 |
_aБлокада Ленинграда _jЛистовки _z1941 - 1944 _92077679 _3RU\NLR\AUTH\661253360 |
|
| 686 | _aЩ319.41(2) | ||
| 686 | _aТ3(2)722.721,011 | ||
| 700 | 1 |
_aБудашкин _bН. П. _f1910-1988 _gНиколай Павлович _4070 |
|
| 702 | 1 |
_aФидровский _bА. _gАнатолий _4570 |
|
| 712 | 0 | 2 |
_4570 _aБалтийский флот _bПолитическое управление _3RU\NLR\AUTH\8810005574 _9508529 |
| 801 | 0 |
_aRU _bNLR _c19720101 _gPSBO |
|
| 801 | 1 |
_aRU _bNLR _c20131010 _gRCR |
|
| 852 |
_aNLR _bЛ3-350 _j3/22 |
||
| 942 | _cBOOK | ||
| 945 | _aРоссийская национальная библиотека | ||
| 980 | _aNB | ||
| 980 | _aBV | ||